Statistics for Literature by Letter - I

Click here to take the quiz!

General Stats

  • This quiz has been taken 12,178 times
    (12,159 since last reset)
  • The average score is 11 of 20

Answer Stats

HintAnswer% Correct
The story of the Trojan War, attributed to HomerIliad, The
96%
First name of authors Fleming and McEwanIan
93%
This style of fontItalics
93%
Type of verse, commonly employed by Shakespeare, with five "feet" per line{Iambic} Pentameter
70%
Country that publishes the highest number of books per capitaIceland
69%
Anne Rice book about vampire life in Paris and New Orleans{Interview} with the Vampire
63%
Call him the narrator of "Moby Dick"Ishmael
63%
Saying one thing but meaning the oppositeIrony
59%
First book of Dante's "Divine Comedy"Inferno
58%
Subject of a Ralph Ellison or H.G. Wells novel{Invisible} Man
58%
Notable resident of Sleepy Hollow, last name CraneIchabod
56%
Villain that opposes OthelloIago
54%
Javert's job title in "Les Miserables"Inspector
52%
Many Kurt Vonnegut stories involve this city in the Midwestern U.S.Indianapolis
50%
Odysseus's home island in "The Odyssey"Ithaca
47%
Truman Capote's true crime novel about a family who was murderedIn Cold Blood
42%
Valuable substance sought by Kurtz in "Heart of Darkness"Ivory
35%
This author created the above, and also Rip Van WinkleWashington Irving
32%
Antagonist of "Tom Sawyer", who starves to death in a cave{Injun} Joe
31%
Chinese classic also known as the "Book of Changes"I Ching
20%

Score Distribution

Percentile by Number Answered

Percent of People with Each Score

Your Score History

You have not taken this quiz since the last reset